000 00877naa a22002417a 4500
001 BR8905004
003 BR-BrBNA
005 20240918180532.0
007 ta
008 230509b bl.||||| |||| 00| 0 por d
040 _aBR-BrBNA
_bpor
_cBiblioteca Nacional de Agricultura
041 _a(Pt)
072 _aL53; L10
_b3580
090 _aL53 BR8905004
100 1 _aAbreu, J.J. de
245 1 _aTecnologia do semen congelado
260 3 _aBelo Horizonte, MG (Brasil):
_c1983.
500 _a3. 4. e 5. Curso de Fiscalizacao de Materiais de Multiplicacao Animal Belo Horizonte, MG (Brasil): 1983. p. 21-27 (BR8905004-AM)L53
650 _aINSEMINACAO ARTIFICIAL
773 0 _t3. 4. e 5. Curso de Fiscalizacao de Materiais de Multiplicacao Animal
_wL53 BR8905004
_gBelo Horizonte, MG (Brasil), 1983. p. 21-27
909 _a202404
_bLucia
_c55
_dLucia Elande
942 _cAM
_2AGRIS
999 _c320925
_d320925